[Event "MVP-ch Seniors op 11th"]
[Site "Binz"]
[Date "2011.12.03"]
[Round "4.53"]
[White "Wicklund Hansen, Richard"]
[Black "Garbe, Eckhard"]
[Result "1/2-1/2"]
[WhiteElo "1893"]
[BlackElo "1479"]
[PlyCount "91"]
[EventDate "2011.11.30"]
[EventType "swiss"]
[EventRounds "9"]
[EventCountry "GER"]
[SourceTitle "EXT 2013"]
[Source "ChessBase"]
[SourceDate "2012.11.22"]
[SourceVersion "1"]
[SourceVersionDate "2012.11.22"]
[SourceQuality "1"]

1. e4 c5 2. d3 e6 3. g3 Nf6 4. Bg2 Nc6 5. Nf3 d6 6. Nbd2 Be7 7. a4 Qc7 8. 0-0 0-0 9. Nc4 b6 10. Re1 Rb8 11. e5 Ne8 12. exd6 Bxd6 13. Nxd6 Nxd6 14. d4 cxd4 15. Nxd4 Bb7 16. Bf4 Nxd4 17. Qxd4 Rfd8 18. Bxb7 Rxb7 19. Rad1 Qc6 20. Qe4 Qxe4 21. Rxe4 Rbd7 22. Red4 f6 23. Rxd6 Rxd6 24. Rxd6 Rc8 25. Rd2 e5 26. Be3 h5 27. h4 Kh7 28. a5 bxa5 29. Bxa7 Kg6 30. b3 Kf5 31. c4 Rc7 32. Bb6 Rb7 33. c5 Ke4 34. Kf1 g5 35. Ke2 gxh4 36. gxh4 f5 37. f3+ Kf4 38. Kf2 e4 39. Rd4 Ke5 40. fxe4 Kxd4 41. exf5 Ke5 42. Bxa5 Rxb3 43. Bc7+ Kxf5 44. Bd6 Ke6 45. Kg2 Rc3 46. Kh2 1/2-1/2

[Event "MVP-ch Seniors op 11th"]
[Site "Binz"]
[Date "2011.12.02"]
[Round "3.36"]
[White "Worm, Alfred"]
[Black "Wicklund Hansen, Richard"]
[Result "1-0"]
[WhiteElo "1694"]
[BlackElo "1893"]
[PlyCount "86"]
[EventDate "2011.11.30"]
[EventType "swiss"]
[EventRounds "9"]
[EventCountry "GER"]
[SourceTitle "EXT 2013"]
[Source "ChessBase"]
[SourceDate "2012.11.22"]
[SourceVersion "1"]
[SourceVersionDate "2012.11.22"]
[SourceQuality "1"]

1. e4 g6 2. d4 Bg7 3. Nf3 d6 4. Bc4 a6 5. 0-0 Nf6 6. Re1 b5 7. Bd3 Bb7 8. Bg5 h6 9. Bd2 0-0 10. a4 Nbd7 11. Na3 c6 12. c3 Qb6 13. Qc1 Kh7 14. Nc2 e5 15. h3 Rfe8 16. g4 Ng8 17. h4 Qd8 18. Kg2 d5 19. h5 exd4 20. hxg6+ fxg6 21. Rh1 Nc5 22. Ng5+ Kh8 23. Nf7+ Kh7 24. Nxd8 Nxd3 25. Qf1 Raxd8 26. Bg5 Rxe4 27. f3 Nf4+ 28. Bxf4 Rxf4 29. Kg3 Be5 30. Kg2 dxc3 31. bxc3 c5 32. axb5 Bxc3 33. Ra3 d4 34. Ne1 Re8 35. bxa6 Bd5 36. Kg3 g5 37. Qb5 Bxe1+ 38. Rxe1 Rxe1 39. Qd7+ Ne7 40. a7 h5 41. gxh5 Kh6 42. Qxd5 Nxd5 43. a8Q Kxh5 1-0

[Event "Nordic-ch Seniors"]
[Site "Reykjavik"]
[Date "2011.09.10"]
[Round "1"]
[White "Wicklund Hansen, Richard"]
[Black "Gunnarsson, Gunnar K"]
[Result "1/2-1/2"]
[WhiteElo "1881"]
[BlackElo "2220"]
[PlyCount "41"]
[EventDate "2011.09.10"]
[EventType "swiss"]
[EventRounds "9"]
[EventCountry "ISL"]
[SourceTitle "CBM 144 Extra"]
[Source "ChessBase"]
[SourceDate "2011.10.28"]
[SourceVersion "1"]
[SourceVersionDate "2011.10.28"]
[SourceQuality "1"]

1. e4 c5 2. Nf3 d6 3. g3 Nf6 4. d3 Nc6 5. Bg2 g6 6. Nbd2 Bg7 7. Nc4 b5 8. Ne3 Rb8 9. a4 a6 10. axb5 axb5 11. 0-0 0-0 12. Re1 e6 13. c3 Qc7 14. Nc2 Bb7 15. Qe2 Ba8 16. Bd2 Rfd8 17. d4 h6 18. e5 dxe5 19. Nxe5 Nd5 20. Nxc6 Qxc6 21. f3 1/2-1/2

[Event "Bayern-ch Seniors 23rd"]
[Site "Bergen"]
[Date "2011.05.28"]
[Round "1"]
[White "Muenzenberg, Dietrich"]
[Black "Wicklund Hansen, Richard"]
[Result "1/2-1/2"]
[WhiteElo "1602"]
[BlackElo "1698"]
[PlyCount "45"]
[EventDate "2011.05.28"]
[EventType "swiss"]
[EventRounds "9"]
[EventCountry "GER"]
[SourceTitle "EXT 2012"]
[Source "ChessBase"]
[SourceDate "2011.11.24"]
[SourceVersion "1"]
[SourceVersionDate "2011.11.24"]
[SourceQuality "1"]

1. d4 Nc6 2. Bg5 d5 3. e3 Nf6 4. Bxf6 exf6 5. g3 Bd6 6. Bg2 Be6 7. Ne2 Qd7 8. Nd2 Ne7 9. a3 c6 10. Rc1 Bh3 11. Bf3 g5 12. Ng1 Bf5 13. c4 g4 14. Bg2 h5 15. h4 Be6 16. c5 Bc7 17. Ne2 Ng6 18. e4 0-0 19. 0-0 f5 20. e5 f6 21. f4 b6 22. b4 b5 23. Qb3 1/2-1/2

[Event "EU-chT Seniors 12th"]
[Site "Dresden"]
[Date "2010.02.15"]
[Round "6"]
[White "Paulsen, Eckart"]
[Black "Wicklund Hansen, Richard"]
[Result "1-0"]
[WhiteElo "1868"]
[BlackElo "1893"]
[PlyCount "38"]
[EventDate "2010.02.10"]
[EventType "team-swiss"]
[EventRounds "9"]
[EventCountry "GER"]
[SourceTitle "CBM 134 Extra"]
[Source "ChessBase"]
[SourceDate "2010.03.03"]
[SourceVersion "1"]
[SourceVersionDate "2010.03.03"]
[SourceQuality "1"]
[WhiteTeam "Rheinland Mattadore Seniors"]
[BlackTeam "Norway (Seniors) III"]
[WhiteTeamCountry "GER"]
[BlackTeamCountry "NOR"]

1. c4 Nf6 2. g3 g6 3. Bg2 Bg7 4. Nc3 c6 5. e3 0-0 6. Nge2 d5 7. b3 e5 8. cxd5 cxd5 9. Ba3 Re8 10. 0-0 Be6 11. d4 Nc6 12. Rc1 a6 13. dxe5 Nxe5 14. Nd4 Qa5 15. Bb2 Rad8 16. Na4 Ned7 17. Bc3 Qc7 18. Nxe6 fxe6 19. Bxf6 Qxc1 1-0

[Event "EU-chT Seniors 12th"]
[Site "Dresden"]
[Date "2010.02.12"]
[Round "3"]
[White "Pemberton, Clive H"]
[Black "Wicklund Hansen, Richard"]
[Result "0-1"]
[WhiteElo "1897"]
[BlackElo "1893"]
[PlyCount "80"]
[EventDate "2010.02.10"]
[EventType "team-swiss"]
[EventRounds "9"]
[EventCountry "GER"]
[SourceTitle "CBM 134 Extra"]
[Source "ChessBase"]
[SourceDate "2010.03.03"]
[SourceVersion "1"]
[SourceVersionDate "2010.03.03"]
[SourceQuality "1"]
[WhiteTeam "England (Seniors) II"]
[BlackTeam "Norway (Seniors) III"]
[WhiteTeamCountry "ENG"]
[BlackTeamCountry "NOR"]

1. e4 e5 2. d4 exd4 3. Nf3 g6 4. Bc4 Nc6 5. 0-0 Bg7 6. c3 dxc3 7. bxc3 d6 8. Qb3 Qe7 9. Ba3 Nf6 10. e5 Nxe5 11. Nxe5 Qxe5 12. Bxf7+ Kd8 13. Nd2 Ng4 14. Nf3 Qxc3 15. Rab1 Qxb3 16. Rxb3 Rf8 17. Bd5 c6 18. Bc4 c5 19. Bd5 Rb8 20. Ng5 Bd4 21. Ne4 Kc7 22. Bb2 Bxb2 23. Rxb2 Nf6 24. Nxf6 Rxf6 25. Re1 Rf5 26. Bg8 Re5 27. Rxe5 dxe5 28. Bxh7 Bf5 29. g4 Bd3 30. h4 Rh8 31. Bxg6 Bxg6 32. h5 Bxh5 33. gxh5 Rxh5 34. Kf1 Kc6 35. Ke2 Rh4 36. Kd3 b5 37. Re2 Rd4+ 38. Kc3 Kd5 39. Kb3 Rd3+ 40. Kb2 a5 0-1